|
|
|
|
| LEADER |
01537nam a2200337 a 4500 |
| 001 |
4006 |
| 003 |
BD-DhAAL |
| 008 |
091027s1988 bg b 001 0 eng d |
| 999 |
|
|
|c 4873
|d 4873
|
| 010 |
|
|
|a \\\89904941
|
| 040 |
|
|
|a DLC
|c DLC
|d DLC
|d BD-DhAAL
|
| 082 |
0 |
0 |
|a 333.335095492
|2 19
|
| 245 |
0 |
0 |
|a Land reforms and land management in Bangladesh and West Bengal :
|b a comparative study /
|c Kamal Siddiqui ... [et al.].
|
| 260 |
|
|
|a Dhaka, Bangladesh :
|b University Press,
|c 1988.
|
| 300 |
|
|
|a 90 pages ;
|c 22 cm.
|
| 504 |
|
|
|a Includes bibliographical references (pages [86]-87) and index.
|
| 541 |
1 |
|
|a Donated By Akbar Ali Khan
|e 4006, 38658
|
| 650 |
|
0 |
|a Land tenure
|z Bangladesh.
|9 48895
|
| 650 |
|
0 |
|a Land tenure
|z India
|z West Bengal.
|9 48896
|
| 650 |
|
0 |
|a Land reform
|z Bangladesh.
|9 48897
|
| 650 |
|
0 |
|a Land reform
|z India
|z West Bengal.
|9 48898
|
| 650 |
|
0 |
|a Economics.
|9 48899
|
| 700 |
1 |
|
|a Siddiqui, Kamal.
|9 48900
|
| 700 |
1 |
|
|a Hossain, A. F. M. Imam.
|9 48901
|
| 700 |
1 |
|
|a Islam, S. U. M. Zahirul.
|9 48902
|
| 700 |
1 |
|
|a Chowdhury, Md. Nazmul Islam.
|9 48903
|
| 700 |
1 |
|
|a Momen, Md. Abdul.
|9 48904
|
| 852 |
4 |
|
|a Ayesha Abed Library
|c General Stacks
|
| 942 |
|
|
|2 ddc
|c BK
|
| 952 |
|
|
|0 0
|1 0
|2 ddc
|4 0
|6 333_335095492000000_LAN_1988
|7 0
|9 4695
|a BRACUL
|b BRACUL
|c GEN
|d 2009-10-27
|g 150.00
|l 4
|m 8
|o 333.335095492 LAN
|p 3010004006
|r 2018-06-12
|s 2018-03-04
|t 1
|w 2009-10-27
|y BK
|
| 952 |
|
|
|0 0
|1 0
|2 ddc
|4 0
|6 333_335095492000000_LAN
|7 1
|9 70789
|a BRACUL
|b BRACUL
|c AAKC
|d 2022-06-05
|e Donated by Akbar Ali Khan
|l 0
|o 333.335095492 LAN
|p 3010038658
|r 2022-06-05
|t 2
|w 2022-06-05
|y BK
|